Statistiques concernant Paroles 1987-Calogero

Cliquez ici pour prendre le quiz!

Statistiques générales

  • Ce quiz a été pris 160 fois
  • Le résultat moyen est 195 sur 246

Statistiques - réponses

Paroles% Correct
1987
99%
a
97%
à
97%
A
97%
je
97%
Je
97%
en
96%
ce
95%
I
95%
les
93%
Les
93%
y
93%
Et
92%
et
92%
te
91%
Tu
89%
tu
89%
Il
88%
jour
88%
88%
que
88%
Que
88%
un
87%
Dans
86%
dans
86%
de
86%
jours
86%
la
86%
mon
86%
ces
85%
tour
84%
me
83%
skate
83%
certains
82%
faire
80%
retour
80%
sur
80%
vais
80%
reprends
78%
suis
77%
On
75%
tout
75%
t'souviens
75%
baskets
74%
rien
74%
cassettes
73%
ton
72%
tous
71%
Tous
71%
C'est
70%
c'était
70%
lesquels
68%
retourne
68%
souviens
68%
regrette
67%
souhaite
67%
crayons
66%
jette
66%
Mais
66%
sais
63%
sex
62%
want
61%
l'auras
60%
tête
60%
chantait
59%
l'auras
59%
une
59%
y'a
59%
nos
58%
planète
58%
your
58%
7
57%
rembobine
57%
bien
55%
mois
55%
cuisine
54%
87
52%
couleurs
52%
parfois
52%
States
52%
Paris
50%
12
49%
chanson
48%
disquettes
48%
qu'un
47%
Sabrina
47%
plein
45%
verras
45%
rêves
43%
houppettes
40%
L'URSS
33%
INXS
31%
survêts
29%

Distribution des résultats

Percentile par nombre de réponses

% des personnes avec chaque résultat

Votre développement - résultats

Vous n’avez pas pris ce quiz